[Event "SRB-chT 1st League"]
[Site "Vrnjacka Banja"]
[Date "2007.??.??"]
[Round "10.5"]
[White "Zivkovic, Momcilo"]
[Black "Milosavljevic, Zoran"]
[Result "1/2-1/2"]
[WhiteElo "2147"]
[BlackElo "2185"]
[PlyCount "89"]
[EventDate "2007.09.08"]
[EventType "team"]
[EventRounds "11"]
[EventCountry "SRB"]
[SourceTitle "EXT 2012"]
[Source "ChessBase"]
[SourceDate "2011.11.24"]
[SourceVersion "1"]
[SourceVersionDate "2011.11.24"]
[SourceQuality "1"]
[WhiteTeam "Sloga"]
[BlackTeam "Novi Pazar INA Dizajn"]
[WhiteTeamCountry "SRB"]
[BlackTeamCountry "SRB"]

1. e4 c5 2. Nf3 Nc6 3. d4 cxd4 4. Nxd4 Qc7 5. c4 Nf6 6. Nc3 Nxe4 7. Nxe4 Qe5 8. Nb5 Qxe4+ 9. Be2 Qe5 10. 0-0 a6 11. Nc3 e6 12. Re1 Bc5 13. Bf3 Qd4 14. Be3 Qxd1 15. Raxd1 Bb4 16. Bb6 Be7 17. Nd5 0-0 18. Nxe7+ Nxe7 19. Bxb7 Rb8 20. Bc5 Rxb7 21. Bxe7 Re8 22. Ba3 Rc7 23. b3 Bb7 24. Rd6 Bc6 25. h3 f6 26. Re3 Kf7 27. Bc5 e5 28. b4 Re6 29. Rd2 Bb7 30. Red3 Ke8 31. h4 a5 32. a3 axb4 33. axb4 Ba6 34. Ra3 Bxc4 35. Ra8+ Kf7 36. Rf8+ Kg6 37. h5+ Kxh5 38. Rf7 Kg6 39. Rdxd7 Rxd7 40. Rxd7 Rc6 41. Bf8 Bf7 42. Rb7 Rc1+ 43. Kh2 Rc2 44. Kg1 e4 45. b5 1/2-1/2

[Event "SRB-chT 1st League"]
[Site "Vrnjacka Banja"]
[Date "2006.10.14"]
[Round "6.2"]
[White "Djokic, Nenad"]
[Black "Milosavljevic, Zoran"]
[Result "1/2-1/2"]
[WhiteElo "2325"]
[BlackElo "2204"]
[PlyCount "182"]
[EventDate "2006.09.09"]
[EventType "team"]
[EventRounds "11"]
[EventCountry "SRB"]
[SourceTitle "EXT 2012"]
[Source "ChessBase"]
[SourceDate "2011.11.24"]
[SourceVersion "1"]
[SourceVersionDate "2011.11.24"]
[SourceQuality "1"]
[WhiteTeam "Smederevska Palanka Jasenica"]
[BlackTeam "Novi Pazar INA Dizajn"]
[WhiteTeamCountry "SRB"]
[BlackTeamCountry "SRB"]

1. d4 d5 2. Nf3 Nf6 3. c4 e6 4. Nc3 Be7 5. Bg5 0-0 6. e3 b6 7. Rc1 Bb7 8. Bxf6 Bxf6 9. cxd5 exd5 10. b4 c6 11. Qb3 Re8 12. Be2 Qd6 13. 0-0 Nd7 14. Rfd1 Rad8 15. b5 c5 16. dxc5 Nxc5 17. Qa3 Qb8 18. Nd4 Be5 19. g3 Bxd4 20. exd4 Ne4 21. Bf3 Rd7 22. Ne2 Qd6 23. Qxd6 Nxd6 24. a4 Kf8 25. Nf4 Ne4 26. Nd3 f6 27. Nb4 g6 28. h4 Ree7 29. Nc6 Bxc6 30. Rxc6 Kf7 31. Kg2 f5 32. g4 fxg4 33. Bxg4 Rd6 34. Rc2 Rf6 35. Rd3 Kg7 36. Rf3 Rd6 37. Re3 Rf7 38. f3 Nf6 39. Kg3 h6 40. Re5 Rd8 41. h5 g5 42. Rce2 Rdf8 43. Re7 Rxe7 44. Rxe7+ Rf7 45. Re6 Rc7 46. Rc6 Re7 47. Kf2 Kf7 48. Bf5 Kg7 49. Bg6 Rd7 50. Ke3 Re7+ 51. Kf2 Rd7 52. Ke3 Re7+ 53. Kd3 g4 54. fxg4 Nxg4 55. Kc3 Nf6 56. Kb4 Rb7 57. a5 bxa5+ 58. Kxa5 Ng8 59. Rd6 Ne7 60. Bd3 Rc7 61. Re6 Rd7 62. Kb4 Rc7 63. Ra6 Ng8 64. Rg6+ Kf7 65. Be2 Rc2 66. Bd3 Rc7 67. Ka5 Rc3 68. Bf5 Re3 69. Rd6 Ne7 70. Bd7 Ra3+ 71. Kb4 Rd3 72. Rxh6 Rxd4+ 73. Kc5 Rh4 74. Kd6 Kg7 75. Re6 Ng8 76. Rg6+ Kh7 77. Be6 Nh6 78. Rg5 d4 79. Rd5 Kg7 80. Kc6 Kf6 81. Bd7 Nf7 82. Kb7 Ne5 83. Be8 Ke6 84. Rc5 d3 85. Rc1 Ke7 86. Re1 d2 87. Rd1 Kxe8 88. Rxd2 Rxh5 89. Kxa7 Nd7 90. b6 Kd8 91. Rd6 Ke7 1/2-1/2

[Event "Serbia-chT central"]
[Site "Golubac"]
[Date "2003.??.??"]
[Round "?"]
[White "Djukic, Zeljko"]
[Black "Milosavljevic, Zoran"]
[Result "1-0"]
[WhiteElo "2428"]
[BlackElo "2206"]
[PlyCount "65"]
[EventDate "2003.09.27"]
[EventType "team"]
[EventRounds "11"]
[EventCountry "YUG"]
[SourceTitle "CBM 096 Extra"]
[Source "ChessBase"]
[SourceDate "2003.10.22"]
[SourceVersion "2"]
[SourceVersionDate "2003.10.20"]
[SourceQuality "1"]

1. d4 d5 2. Nf3 Nf6 3. c4 e6 4. Nc3 b6 5. Bg5 Be7 6. cxd5 Nxd5 7. Bxe7 Nxe7 8. e3 Bb7 9. Qa4+ c6 10. Bd3 0-0 11. 0-0 Nd7 12. Rfd1 b5 13. Qc2 h6 14. Ne4 Qb6 15. Rac1 Rfd8 16. Nc5 Qc7 17. Nxd7 Qxd7 18. Bh7+ Kf8 19. Ne5 Qd6 20. Be4 Rac8 21. Qe2 Rc7 22. Rc5 a6 23. Rdc1 Rdc8 24. h4 Kg8 25. g3 Nd5 26. Qd2 f6 27. Nd3 Nb6 28. Qb4 Qf8 29. Nf4 Qe7 30. Qb3 Nd5 31. Nxe6 Rd7 32. Bxd5 Rxd5 33. Nf4 1-0